Stress :An Owner's Manual (Record no. 2615)
[ view plain ]
| 000 -LEADER | |
|---|---|
| fixed length control field | 00230nam a22000977a 4500 |
| 082 ## - DEWEY DECIMAL CLASSIFICATION NUMBER | |
| Classification number | 363.5 |
| 100 ## - MAIN ENTRY--AUTHOR NAME | |
| Personal name | Rowshan, Arthur |
| 245 ## - TITLE STATEMENT | |
| Title | Stress :An Owner's Manual |
| Remainder of title | Stress :An Owner's Manual |
| 260 ## - PUBLICATION, DISTRIBUTION, ETC. (IMPRINT) | |
| Place of publication | USA |
| Name of publisher | CRC |
| Year of publication | 2016 |
| 942 ## - ADDED ENTRY ELEMENTS (KOHA) | |
| Koha item type | Books |
| Withdrawn status | Lost status | Collection code | Permanent Location | Current Location | Shelving location | Date acquired | Full call number | Accession Number | Koha item type |
|---|---|---|---|---|---|---|---|---|---|
| | | English Literature | MAJU | MAJU | Shelf No.A14 | 2019-08-31 | 363.5 | 1250 | English Literature |